[Event "Titled Tuesday intern op 30th Aug Early"]
[Site "Chess.com INT"]
[Date "2022.08.30"]
[Round "6"]
[White "Baraeva, Marina"]
[Black "Barbashin, Igor"]
[Result "1-0"]
[WhiteElo "2227"]
[BlackElo "2169"]
[PlyCount "57"]
[EventDate "2022.08.30"]
[EventType "swiss (blitz)"]
[EventRounds "11"]
[EventCountry "USA"]
[SourceTitle "EXT 2023"]
[Source "ChessBase"]
[SourceDate "2022.10.05"]
[SourceVersion "1"]
[SourceVersionDate "2022.10.05"]
[SourceQuality "1"]

1. d4 Nf6 2. c4 c5 3. Nf3 cxd4 4. Nxd4 e6 5. Nc3 Be7 6. e4 d6 7. Be2 0-0 8. 0-0 Nc6 9. Be3 Bd7 10. Qd2 Nxd4 11. Bxd4 Bc6 12. f3 a6 13. Rfd1 Rc8 14. Qe3 Qc7 15. Rd2 Qb8 16. Rad1 Nd7 17. Qf2 b5 18. cxb5 axb5 19. b4 Nb6 20. Bxb6 d5 21. exd5 exd5 22. Nxd5 Bxd5 23. Rxd5 Bxb4 24. Bxb5 Be7 25. a4 g6 26. a5 Rc3 27. Qd4 Rfc8 28. Qe5 Qb7 29. Rd7 1-0

[Event "Titled Tuesday intern op 09th Aug Early"]
[Site "Chess.com INT"]
[Date "2022.08.09"]
[Round "8"]
[White "Baraeva, Marina"]
[Black "Bristy, Mukherjee"]
[Result "1-0"]
[WhiteElo "2227"]
[BlackElo "1815"]
[PlyCount "59"]
[EventDate "2022.08.09"]
[EventType "swiss (blitz)"]
[EventRounds "11"]
[EventCountry "USA"]
[SourceTitle "EXT 2023"]
[Source "ChessBase"]
[SourceDate "2022.10.05"]
[SourceVersion "1"]
[SourceVersionDate "2022.10.05"]
[SourceQuality "1"]

1. d4 f5 2. c4 Nf6 3. Nc3 e6 4. g3 Be7 5. Bg2 d6 6. Nf3 0-0 7. 0-0 Qe8 8. Bf4 Nc6 9. Re1 Ne4 10. h4 Nxc3 11. bxc3 Bf6 12. e4 fxe4 13. Rxe4 Qg6 14. Qe2 e5 15. dxe5 Bf5 16. Re3 dxe5 17. Nxe5 Nxe5 18. Bxe5 Bxe5 19. Rxe5 Bd3 20. Qe3 Bxc4 21. Bxb7 Rab8 22. Bd5+ Bxd5 23. Rxd5 Rb2 24. Rd2 Rxd2 25. Qxd2 h6 26. Re1 Rf3 27. Qd5+ Qf7 28. Re8+ Kh7 29. Qe4+ g6 30. Re7 1-0

[Event "Titled Tuesday intern op 19th Apr Early"]
[Site "Chess.com INT"]
[Date "2022.04.19"]
[Round "2"]
[White "Baraeva, Marina"]
[Black "Cramling Bellon, Anna"]
[Result "0-1"]
[WhiteElo "2227"]
[BlackElo "2057"]
[PlyCount "78"]
[EventDate "2022.04.19"]
[EventType "swiss (blitz)"]
[EventRounds "11"]
[EventCountry "USA"]
[SourceTitle "EXT 2023"]
[Source "ChessBase"]
[SourceDate "2022.10.05"]
[SourceVersion "1"]
[SourceVersionDate "2022.10.05"]
[SourceQuality "1"]

1. d4 Nf6 2. c4 e6 3. Nc3 d5 4. Nf3 c6 5. cxd5 exd5 6. Bg5 Be7 7. Qc2 0-0 8. e3 h6 9. Bh4 Be6 10. Bd3 Nbd7 11. 0-0 Rc8 12. Ne5 Nxe5 13. dxe5 Nd7 14. Bxe7 Qxe7 15. f4 c5 16. f5 c4 17. Be2 Qg5 18. fxe6 Qxe3+ 19. Kh1 fxe6 20. Nb5 Qxe5 21. Qd2 Nc5 22. Nxa7 Ne4 23. Qe3 Nf2+ 24. Qxf2 Rxf2 25. Rxf2 Qe3 26. Nxc8 Qxf2 27. Bf3 Qxb2 28. Re1 c3 29. Bd1 Qf2 30. Rg1 c2 31. Bxc2 Qxc2 32. Ne7+ Kf7 33. Nxd5 exd5 34. h3 d4 35. Kh2 d3 36. Kg3 d2 37. Kg4 d1Q+ 38. Rxd1 Qxd1+ 39. Kg3 Qd3+ 0-1

[Event "Titled Tuesday intern op 19th Apr Early"]
[Site "Chess.com INT"]
[Date "2022.04.19"]
[Round "9"]
[White "Baraeva, Marina"]
[Black "Legenia, Artem"]
[Result "1/2-1/2"]
[WhiteElo "2227"]
[BlackElo "2092"]
[PlyCount "75"]
[EventDate "2022.04.19"]
[EventType "swiss (blitz)"]
[EventRounds "11"]
[EventCountry "USA"]
[SourceTitle "EXT 2023"]
[Source "ChessBase"]
[SourceDate "2022.10.05"]
[SourceVersion "1"]
[SourceVersionDate "2022.10.05"]
[SourceQuality "1"]

1. d4 b6 2. c4 Nf6 3. Nc3 Bb7 4. Nf3 e6 5. Bg5 Bb4 6. e3 Bxc3+ 7. bxc3 h6 8. Bxf6 Qxf6 9. Bd3 0-0 10. e4 d6 11. 0-0 Nd7 12. Qe2 c5 13. Rfd1 e5 14. Qe3 exd4 15. cxd4 Rfe8 16. d5 Ne5 17. Nxe5 Qxe5 18. f4 Qh5 19. Re1 g5 20. g3 gxf4 21. gxf4 Kh8 22. Kh1 Rg8 23. e5 Rae8 24. Qe4 Rg7 25. Rg1 dxe5 26. Rxg7 Kxg7 27. Qh7+ Kf8 28. Qh8+ Ke7 29. Qxe5+ Qxe5 30. fxe5 f6 31. Re1 fxe5 32. Rxe5+ Kd8 33. Rxe8+ Kxe8 34. Kg1 b5 35. Kf2 bxc4 36. Bxc4 Ke7 37. Ke3 Kd6 38. Ke4 1/2-1/2

[Event "Titled Tuesday intern op 19th Apr Early"]
[Site "Chess.com INT"]
[Date "2022.04.19"]
[Round "10"]
[White "Baraeva, Marina"]
[Black "Qashashvili, Alexandre"]
[Result "1-0"]
[WhiteElo "2227"]
[BlackElo "2505"]
[PlyCount "103"]
[EventDate "2022.04.19"]
[EventType "swiss (blitz)"]
[EventRounds "11"]
[EventCountry "USA"]
[SourceTitle "EXT 2023"]
[Source "ChessBase"]
[SourceDate "2022.10.05"]
[SourceVersion "1"]
[SourceVersionDate "2022.10.05"]
[SourceQuality "1"]

1. d4 d5 2. Nf3 Nf6 3. c4 c6 4. Nc3 Bf5 5. Qb3 b6 6. cxd5 Nxd5 7. Nxd5 Qxd5 8. Qxd5 cxd5 9. Bf4 e6 10. a3 f6 11. e3 a6 12. Rc1 Nd7 13. Be2 h5 14. h4 g6 15. Kd2 Bh6 16. Bxh6 Rxh6 17. Rc7 Bg4 18. Rhc1 Rh7 19. Rc8+ Rxc8 20. Rxc8+ Ke7 21. Bxa6 Bxf3 22. gxf3 Kd6 23. Bb5 e5 24. Rc6+ Ke7 25. Rc7 Kd6 26. Rxd7+ Rxd7 27. Bxd7 Kxd7 28. f4 exf4 29. exf4 Kc6 30. Ke3 Kb5 31. b3 Kc6 32. f5 g5 33. Kf3 b5 34. hxg5 fxg5 35. a4 bxa4 36. bxa4 Kd6 37. a5 Kc6 38. f6 h4 39. f7 h3 40. f8Q h2 41. Kg2 h1Q+ 42. Kxh1 g4 43. Qc5+ Kb7 44. Qb6+ Kc8 45. Qa7 g3 46. Kg2 gxf2 47. Kxf2 Kd8 48. Kf3 Kc8 49. Kf4 Kd8 50. Ke5 Kc8 51. Kd6 Kd8 52. Qd7# 1-0

[Event "Titled Tuesday intern op 05th Apr Early"]
[Site "Chess.com INT"]
[Date "2022.04.05"]
[Round "10"]
[White "Baraeva, Marina"]
[Black "Zarubitski, Viachaslau"]
[Result "0-1"]
[WhiteElo "2227"]
[BlackElo "2438"]
[PlyCount "120"]
[EventDate "2022.04.05"]
[EventType "swiss (blitz)"]
[EventRounds "11"]
[EventCountry "USA"]
[SourceTitle "CBM 207 Extra"]
[Source "ChessBase"]
[SourceDate "2022.05.31"]
[SourceVersion "1"]
[SourceVersionDate "2022.05.31"]
[SourceQuality "1"]

1. d4 Nf6 2. c4 Nc6 3. Nc3 e5 4. d5 Ne7 5. e4 Ng6 6. Be2 Bc5 7. Nf3 d6 8. 0-0 0-0 9. Be3 Bxe3 10. fxe3 c5 11. Qe1 Ne8 12. Qg3 a6 13. Rf2 Nc7 14. Raf1 h6 15. Nd2 Qe8 16. Bh5 Nh8 17. Nf3 b5 18. b3 Bd7 19. Nh4 Qe7 20. Rf6 Kh7 21. R6f2 Qg5 22. Bxf7 bxc4 23. bxc4 Qxg3 24. hxg3 Bg4 25. Ng6 Rxf7 26. Rxf7 Nxf7 27. Rxf7 Ne8 28. Ne7 Ra7 29. Na4 Bh5 30. Rf8 Rxe7 31. Nb6 Nf6 32. Rd8 Nxe4 33. Nc8 Rc7 34. Nxd6 Nxd6 35. Rxd6 Be2 36. Re6 Bxc4 37. Rxe5 Bxa2 38. d6 Rd7 39. Rxc5 Rxd6 40. Ra5 Bc4 41. Kf2 Rd2+ 42. Kf3 Bb5 43. e4 Kg6 44. Kf4 Kf6 45. e5+ Ke6 46. g4 Rd4+ 47. Ke3 Rxg4 48. Kf3 Rb4 49. g3 Kxe5 50. Ra3 h5 51. Ke3 Kf5 52. Kf3 g5 53. Rc3 h4 54. Rc5+ Kg6 55. gxh4 gxh4 56. Kg2 a5 57. Kh3 a4 58. Rc7 a3 59. Ra7 Ra4 60. Rxa4 Bxa4 0-1

[Event "Titled Tuesday intern op 05th Apr Early"]
[Site "Chess.com INT"]
[Date "2022.04.05"]
[Round "5"]
[White "Diaz Rosas, Julio Cesar"]
[Black "Baraeva, Marina"]
[Result "0-1"]
[WhiteElo "2360"]
[BlackElo "2227"]
[PlyCount "60"]
[EventDate "2022.04.05"]
[EventType "swiss (blitz)"]
[EventRounds "11"]
[EventCountry "USA"]
[SourceTitle "CBM 207 Extra"]
[Source "ChessBase"]
[SourceDate "2022.05.31"]
[SourceVersion "1"]
[SourceVersionDate "2022.05.31"]
[SourceQuality "1"]

1. d4 d5 2. c4 c6 3. Nf3 Nf6 4. Qc2 dxc4 5. Qxc4 Bf5 6. g3 e6 7. Bg2 Bd6 8. 0-0 0-0 9. a4 a5 10. Re1 Nbd7 11. Nh4 Be4 12. f3 Bd5 13. Qc2 e5 14. Nf5 Bb4 15. Bd2 Bxd2 16. Nxd2 Be6 17. dxe5 Nxe5 18. Rad1 Qb6+ 19. Kh1 Rad8 20. Bh3 Bxf5 21. Bxf5 g6 22. Bh3 Nd5 23. Qe4 Rfe8 24. Nc4 Nxc4 25. Qxc4 Ne3 26. Rxd8 Rxd8 27. Qc3 Nd1 28. Qf6 Rd2 29. Rf1 Nf2+ 30. Kg2 Rxe2 0-1

[Event "Titled Tuesday intern op 01st Mar Early"]
[Site "Chess.com INT"]
[Date "2022.03.01"]
[Round "5"]
[White "Al Tarbosh, Ward"]
[Black "Baraeva, Marina"]
[Result "1-0"]
[WhiteElo "2221"]
[BlackElo "2227"]
[PlyCount "51"]
[EventDate "2022.03.01"]
[EventType "swiss (blitz)"]
[EventRounds "11"]
[EventCountry "USA"]
[SourceTitle "CBM 207 Extra"]
[Source "ChessBase"]
[SourceDate "2022.05.31"]
[SourceVersion "1"]
[SourceVersionDate "2022.05.31"]
[SourceQuality "1"]

1. e4 e6 2. d4 d5 3. exd5 exd5 4. Bd3 Bd6 5. Nc3 Ne7 6. Nb5 0-0 7. Qf3 Nbc6 8. c3 Ng6 9. Nxd6 Qxd6 10. Ne2 Bd7 11. h4 Rac8 12. h5 Nge7 13. Bf4 Qf6 14. g4 Qe6 15. Rg1 f5 16. g5 Na5 17. Be5 c5 18. Nf4 Qc6 19. 0-0-0 Nc4 20. Bxc4 dxc4 21. d5 Qa6 22. d6 Nc6 23. Qd5+ Rf7 24. g6 Be8 25. gxf7+ Bxf7 26. Rxg7+ 1-0

[Event "Titled Tuesday intern op 01st Mar Early"]
[Site "Chess.com INT"]
[Date "2022.03.01"]
[Round "2"]
[White "Baraeva, Marina"]
[Black "Piesik, Piotr"]
[Result "1-0"]
[WhiteElo "2227"]
[BlackElo "2418"]
[PlyCount "73"]
[EventDate "2022.03.01"]
[EventType "swiss (blitz)"]
[EventRounds "11"]
[EventCountry "USA"]
[SourceTitle "CBM 207 Extra"]
[Source "ChessBase"]
[SourceDate "2022.05.31"]
[SourceVersion "1"]
[SourceVersionDate "2022.05.31"]
[SourceQuality "1"]

1. d4 c5 2. d5 e5 3. e4 d6 4. Nc3 Be7 5. Nf3 a6 6. a4 Bg4 7. Be2 Bxf3 8. Bxf3 Bg5 9. 0-0 Bxc1 10. Qxc1 Ne7 11. Be2 0-0 12. g3 f5 13. exf5 Nxf5 14. Ne4 Nd4 15. Bd1 h6 16. f4 exf4 17. Rxf4 Qe7 18. c3 Nf5 19. Bg4 g6 20. Bxf5 gxf5 21. Nf2 Rf6 22. Qd2 Nd7 23. Re1 Qf7 24. c4 Ne5 25. Nd3 Ng6 26. Rf2 Kg7 27. Rfe2 Rf8 28. Re6 Kh7 29. Kg2 f4 30. Rxf6 Qxf6 31. Nxf4 Nxf4+ 32. gxf4 Rg8+ 33. Kh1 Rg7 34. Qd3+ Kg8 35. Re8+ Kf7 36. Qe3 Kg6 37. Re6 1-0

[Event "Titled Tuesday intern op 01st Mar Early"]
[Site "Chess.com INT"]
[Date "2022.03.01"]
[Round "9"]
[White "Baraeva, Marina"]
[Black "Potapova, Margarita"]
[Result "0-1"]
[WhiteElo "2227"]
[BlackElo "2257"]
[PlyCount "80"]
[EventDate "2022.03.01"]
[EventType "swiss (blitz)"]
[EventRounds "11"]
[EventCountry "USA"]
[SourceTitle "CBM 207 Extra"]
[Source "ChessBase"]
[SourceDate "2022.05.31"]
[SourceVersion "1"]
[SourceVersionDate "2022.05.31"]
[SourceQuality "1"]

1. d4 Nf6 2. c4 e6 3. Nc3 Bb4 4. Qc2 0-0 5. e4 d5 6. e5 Ne4 7. Bd3 c5 8. Nge2 cxd4 9. Nxd4 Nd7 10. Bf4 Ndc5 11. 0-0 Bxc3 12. bxc3 Nxd3 13. Qxd3 b6 14. cxd5 Qxd5 15. c4 Nc5 16. Qc3 Qe4 17. Bg3 Bb7 18. f3 Na4 19. Qd2 Qg6 20. Nb5 Ba6 21. Nd6 h5 22. Bh4 Nc5 23. Rfd1 Bb7 24. Rf1 Bc6 25. Rad1 Ba4 26. Rde1 Bc6 27. Be7 Rfb8 28. Rd1 Ba4 29. Rde1 Bc6 30. Rd1 Nd7 31. Qf4 Nc5 32. Rd4 Nd3 33. Qe3 Nc5 34. Rf4 Be8 35. Nxe8 Rxe8 36. Bxc5 bxc5 37. Qxc5 Rac8 38. Qxa7 Ra8 39. Qf2 Qg5 40. Re1 Qxf4 0-1

[Event "Titled Tuesday intern op 01st Mar Early"]
[Site "Chess.com INT"]
[Date "2022.03.01"]
[Round "11"]
[White "Volkov, Maksim"]
[Black "Baraeva, Marina"]
[Result "0-1"]
[WhiteElo "2113"]
[BlackElo "2227"]
[PlyCount "130"]
[EventDate "2022.03.01"]
[EventType "swiss (blitz)"]
[EventRounds "11"]
[EventCountry "USA"]
[SourceTitle "CBM 207 Extra"]
[Source "ChessBase"]
[SourceDate "2022.05.31"]
[SourceVersion "1"]
[SourceVersionDate "2022.05.31"]
[SourceQuality "1"]

1. d4 d5 2. c4 c6 3. Nf3 Nf6 4. g3 Bf5 5. Nc3 e6 6. Nh4 Bg6 7. Qb3 Qb6 8. c5 Qxb3 9. axb3 Na6 10. Nxg6 hxg6 11. e3 Nb4 12. Ra4 a5 13. Bd2 b6 14. cxb6 Nd7 15. b7 Ra7 16. Be2 Nc2+ 17. Kd1 Nb4 18. e4 Bd6 19. h4 0-0 20. h5 gxh5 21. Rxh5 Rb8 22. Nb1 Rbxb7 23. e5 Be7 24. Bc3 c5 25. Ra1 cxd4 26. Bxd4 Bc5 27. Bxc5 Nxc5 28. Nd2 Nbd3 29. Kc2 Nxf2 30. Rf1 Nfe4 31. Rfh1 Kf8 32. Rh8+ Ke7 33. Rc8 Rc7 34. Rhh8 Nd7+ 35. Kd1 Rxc8 36. Rxc8 Nxd2 37. Kxd2 Nxe5 38. Bb5 Rb7 39. Ba4 Ra7 40. Ke3 Kf6 41. Kd4 Nf3+ 42. Kc5 Re7 43. Rd8 Ne5 44. Kb5 Ra7 45. Kb6 Re7 46. Kxa5 Ng4 47. Kb6 e5 48. Rxd5 e4 49. Bb5 e3 50. Be2 Ne5 51. b4 Ng6 52. b5 Re6+ 53. Kc5 Ne7 54. Rd4 Nc8 55. Rf4+ Kg6 56. b4 f5 57. Kd4 Kf6 58. Rf3 Re4+ 59. Kd3 Rxb4 60. Kxe3 Nd6 61. Bd3 g6 62. Kd2 Nxb5 63. g4 Nd4 64. Rf4 Nb3+ 65. Kc3 Rxf4 0-1

[Event "Titled Tuesday intern op 08th Feb Early"]
[Site "Chess.com INT"]
[Date "2022.02.08"]
[Round "10"]
[White "Aketayeva, Dana"]
[Black "Baraeva, Marina"]
[Result "0-1"]
[WhiteElo "2130"]
[BlackElo "2227"]
[PlyCount "112"]
[EventDate "2022.02.08"]
[EventType "swiss (blitz)"]
[EventRounds "11"]
[EventCountry "USA"]
[SourceTitle "CBM 206 Extra"]
[Source "ChessBase"]
[SourceDate "2022.03.31"]
[SourceVersion "1"]
[SourceVersionDate "2022.03.31"]
[SourceQuality "1"]

1. d4 d5 2. Nf3 Nf6 3. g3 c6 4. Bg2 Bf5 5. 0-0 h6 6. Nbd2 e6 7. c4 Bd6 8. Re1 0-0 9. Nh4 Bh7 10. e4 dxe4 11. Nxe4 Bb4 12. Bd2 Bxd2 13. Qxd2 Nbd7 14. Rad1 Qc7 15. d5 cxd5 16. Nxf6+ Nxf6 17. cxd5 exd5 18. Rc1 Qd7 19. Qf4 Rac8 20. Qd4 b6 21. Nf3 Qd6 22. Nd2 Rxc1 23. Rxc1 Re8 24. Nb3 Be4 25. f3 Bg6 26. Qc3 Rd8 27. Nd4 Nd7 28. Qc7 Nc5 29. Qxd6 Rxd6 30. b4 Nd3 31. Rc7 Nxb4 32. Rxa7 Nc6 33. Nxc6 Rxc6 34. Ra8+ Kh7 35. f4 Be4 36. Bxe4+ dxe4 37. Re8 f5 38. Rf8 Kg6 39. Ra8 Rc1+ 40. Kg2 Rc2+ 41. Kg1 Kh5 42. Ra4 Kg4 43. Ra3 Kh3 44. Kf1 Kxh2 45. Ke1 Kg2 46. Kd1 Rb2 47. Kc1 Rf2 48. Rb3 Rf3 49. Rxb6 e3 50. Re6 Kf1 51. Kd1 Rxg3 52. Re5 h5 53. a4 Kf2 54. a5 Rg6 55. Rxf5 e2+ 56. Kc2 e1Q 0-1

[Event "Titled Tuesday intern op 08th Feb Early"]
[Site "Chess.com INT"]
[Date "2022.02.08"]
[Round "7"]
[White "Baraeva, Marina"]
[Black "Blokhin, Sofia"]
[Result "1-0"]
[WhiteElo "2227"]
[BlackElo "2059"]
[PlyCount "57"]
[EventDate "2022.02.08"]
[EventType "swiss (blitz)"]
[EventRounds "11"]
[EventCountry "USA"]
[SourceTitle "CBM 206 Extra"]
[Source "ChessBase"]
[SourceDate "2022.03.31"]
[SourceVersion "1"]
[SourceVersionDate "2022.03.31"]
[SourceQuality "1"]

1. d4 f5 2. c4 e6 3. g3 Nf6 4. Bg2 d5 5. Nc3 c6 6. Nf3 Be7 7. Bf4 0-0 8. 0-0 Ne4 9. Be5 Nd7 10. Nd2 Nxc3 11. bxc3 Nxe5 12. dxe5 f4 13. cxd5 exd5 14. c4 fxg3 15. hxg3 Be6 16. cxd5 cxd5 17. Nb3 Qd7 18. Nd4 Bh3 19. e6 Qd6 20. Bxh3 Bf6 21. Rc1 Qe5 22. Nf3 Qh5 23. Bg2 Rfe8 24. Rc5 Rad8 25. Nd4 Qe5 26. Nb3 b6 27. Rxd5 Rxd5 28. Qxd5 Qxd5 29. Bxd5 1-0

[Event "Titled Tuesday intern op 08th Feb Early"]
[Site "Chess.com INT"]
[Date "2022.02.08"]
[Round "9"]
[White "Baraeva, Marina"]
[Black "Kukula, Pawel"]
[Result "0-1"]
[WhiteElo "2227"]
[BlackElo "2109"]
[PlyCount "156"]
[EventDate "2022.02.08"]
[EventType "swiss (blitz)"]
[EventRounds "11"]
[EventCountry "USA"]
[SourceTitle "CBM 206 Extra"]
[Source "ChessBase"]
[SourceDate "2022.03.31"]
[SourceVersion "1"]
[SourceVersionDate "2022.03.31"]
[SourceQuality "1"]

1. d4 e6 2. c4 f5 3. g3 Nf6 4. Bg2 c6 5. Nf3 d5 6. 0-0 Bd6 7. Nc3 0-0 8. Bf4 Bxf4 9. gxf4 Ne4 10. Ne5 Nd7 11. f3 Nxc3 12. bxc3 Nxe5 13. fxe5 dxc4 14. e4 b5 15. exf5 Rxf5 16. f4 Qb6 17. Be4 Rf7 18. Qf3 Bd7 19. Kh1 Raf8 20. Qh5 g6 21. Qg4 c5 22. Rad1 cxd4 23. Rxd4 Bc6 24. Bxc6 Qxc6+ 25. Kg1 b4 26. Qe2 bxc3 27. Rxc4 Qb6+ 28. Kh1 Qb2 29. Qd3 Qxa2 30. Qxc3 Qe2 31. Kg1 Qg4+ 32. Qg3 Qe2 33. Qc3 a5 34. Rf2 Qd1+ 35. Rf1 Qg4+ 36. Qg3 Qe2 37. Ra4 Qb5 38. Qa3 Qb6+ 39. Kh1 Qb5 40. Kg1 Ra8 41. Ra1 Qb6+ 42. Kh1 Rfa7 43. Qa2 Qc6+ 44. Kg1 Rb7 45. Rxa5 Qb6+ 46. Kh1 Qc6+ 47. Kg1 Rf8 48. Ra6 Qc5+ 49. Kh1 Rb6 50. Rxb6 Qxb6 51. Rb1 Qc6+ 52. Qg2 Qc4 53. Rf1 Rf5 54. Qa8+ Kg7 55. Qf3 g5 56. Qg2 h6 57. Rf2 Qc1+ 58. Rf1 Qe3 59. Rf3 Qe4 60. Rf2 Qxg2+ 61. Kxg2 gxf4 62. Rf3 Kg6 63. Kh3 Kg5 64. Ra3 Rxe5 65. Ra8 Kf5 66. Rf8+ Ke4 67. Rf6 h5 68. Kg2 Ke3 69. h4 Re4 70. Rf7 e5 71. Rf8 Rd4 72. Rf5 Rd2+ 73. Kg1 e4 74. Ra5 f3 75. Ra3+ Kf4 76. Kf1 e3 77. Ra1 Kg3 78. Kg1 Rh2 0-1

[Event "Titled Tuesday intern op 08th Feb Early"]
[Site "Chess.com INT"]
[Date "2022.02.08"]
[Round "2"]
[White "Baraeva, Marina"]
[Black "Maze, Sebastien"]
[Result "1/2-1/2"]
[WhiteElo "2227"]
[BlackElo "2527"]
[PlyCount "152"]
[EventDate "2022.02.08"]
[EventType "swiss (blitz)"]
[EventRounds "11"]
[EventCountry "USA"]
[SourceTitle "CBM 206 Extra"]
[Source "ChessBase"]
[SourceDate "2022.03.31"]
[SourceVersion "1"]
[SourceVersionDate "2022.03.31"]
[SourceQuality "1"]

1. d4 Nf6 2. c4 g6 3. Nc3 Bg7 4. e4 d6 5. Be2 Na6 6. Nf3 0-0 7. 0-0 e5 8. Be3 c6 9. h3 exd4 10. Nxd4 Re8 11. f3 d5 12. cxd5 cxd5 13. Bb5 Bd7 14. Bxa6 bxa6 15. Bg5 dxe4 16. Nxe4 Qb6 17. Nxf6+ Bxf6 18. Bxf6 Qxf6 19. Nb3 Rad8 20. Qd4 Qg5 21. Qc3 Bxh3 22. Rf2 Be6 23. Nd4 Qf6 24. Nxe6 Qxc3 25. bxc3 Rxe6 26. Rc2 Rc6 27. c4 Kf8 28. Rac1 Rc5 29. Kf2 Ke7 30. Ke3 Rd6 31. Rc3 Kd7 32. g4 h5 33. gxh5 Rxh5 34. c5 Re6+ 35. Kf2 Rh2+ 36. Kg3 Rh5 37. Rb3 Kc7 38. Rbc3 Ree5 39. c6 Re6 40. Ra3 Rxc6 41. Rxc6+ Kxc6 42. Rxa6+ Kb7 43. Rf6 Rh7 44. Kg4 a5 45. f4 a4 46. a3 Kc7 47. Ra6 Kd7 48. Rxa4 Rh1 49. Ra5 Ke6 50. Ra6+ Ke7 51. Ra7+ Kf6 52. Ra6+ Kg7 53. Ra7 Rb1 54. a4 Rb4 55. a5 Ra4 56. Ra6 f6 57. Ra7+ Kh6 58. Kg3 f5 59. Ra8 Ra3+ 60. Kg2 Kh5 61. Rh8+ Kg4 62. Rg8 Ra2+ 63. Kg1 Rxa5 64. Rxg6+ Kxf4 65. Rb6 Ra3 66. Kf2 Ra2+ 67. Kf1 Kg4 68. Rb3 f4 69. Rc3 Ra5 70. Rb3 Re5 71. Rc3 Re3 72. Rxe3 fxe3 73. Ke2 Kf4 74. Ke1 Kf3 75. Kf1 e2+ 76. Ke1 Ke3 1/2-1/2

[Event "Rostov on Don rapid GP Stage 28th"]
[Site "Rostov on Don"]
[Date "2021.10.30"]
[Round "10"]
[White "Alpin, Maxim"]
[Black "Baraeva, Marina"]
[Result "0-1"]
[WhiteElo "2007"]
[BlackElo "2227"]
[PlyCount "122"]
[EventDate "2021.10.29"]
[EventType "swiss"]
[EventRounds "11"]
[EventCountry "RUS"]
[SourceTitle "CBM 204 Extra"]
[Source "ChessBase"]
[SourceDate "2021.11.30"]
[SourceVersion "1"]
[SourceVersionDate "2021.11.30"]
[SourceQuality "1"]

1. Nf3 d5 2. g3 Nf6 3. Bg2 c6 4. c4 Bf5 5. cxd5 cxd5 6. Qb3 Qb6 7. Qxb6 axb6 8. Nc3 e6 9. d3 Nc6 10. 0-0 Be7 11. Nb5 0-0 12. Bf4 Bg4 13. Bc7 Nd7 14. Rfc1 Rfc8 15. Bd6 Kf8 16. Kf1 f6 17. Nd2 Ra5 18. a4 Rca8 19. b3 Rc8 20. h3 Bh5 21. f4 Bf7 22. Nf3 Raa8 23. Nd2 Nc5 24. Bc7 Nd7 25. e4 Nc5 26. Ke2 Nd4+ 27. Nxd4 Rxc7 28. Nb5 Rcc8 29. d4 Na6 30. exd5 exd5 31. g4 Bb4 32. Nf1 Re8+ 33. Kf2 h5 34. f5 hxg4 35. hxg4 Re7 36. Nc3 Bxc3 37. Rxc3 Rae8 38. Ne3 Nb4 39. Rh1 Kg8 40. Rh3 Na2 41. Rd3 Nb4 42. Rd1 Rc7 43. Rdh1 Kf8 44. Rh8+ Ke7 45. Rxe8+ Kxe8 46. Rh7 Kf8 47. Rh8+ Ke7 48. Rh7 Kf8 49. Rh8+ Ke7 50. Rb8 Nd3+ 51. Kg3 Nb4 52. Bf3 Nc6 53. Rh8 Nb4 54. Rh7 Kf8 55. g5 fxg5 56. Rh8+ Ke7 57. Ng4 Nc2 58. Rh7 Kf8 59. Rh8+ Ke7 60. Rh7 Nxd4 61. Rxg7 Nxf5+ 0-1

[Event "Rostov on Don rapid GP Stage 28th"]
[Site "Rostov on Don"]
[Date "2021.10.29"]
[Round "6"]
[White "Medvedev, Matvey"]
[Black "Baraeva, Marina"]
[Result "1/2-1/2"]
[WhiteElo "1975"]
[BlackElo "2227"]
[PlyCount "95"]
[EventDate "2021.10.29"]
[EventType "swiss"]
[EventRounds "11"]
[EventCountry "RUS"]
[SourceTitle "CBM 204 Extra"]
[Source "ChessBase"]
[SourceDate "2021.11.30"]
[SourceVersion "1"]
[SourceVersionDate "2021.11.30"]
[SourceQuality "1"]

1. d4 d5 2. c4 c6 3. Nf3 Nf6 4. e3 Bg4 5. h3 Bxf3 6. Qxf3 e6 7. Nc3 Nbd7 8. Be2 Bd6 9. 0-0 0-0 10. cxd5 exd5 11. Bd3 Re8 12. b3 Qe7 13. Bb2 Ne4 14. Bxe4 dxe4 15. Qe2 Nb6 16. f3 exf3 17. Rxf3 Bb4 18. Raf1 f6 19. Re1 Bxc3 20. Bxc3 Nd5 21. e4 Nxc3 22. Rxc3 Rad8 23. Qc4+ Kh8 24. Rce3 Qd6 25. e5 Qxd4 26. Qxd4 Rxd4 27. exf6 Rxe3 28. Rxe3 gxf6 29. Re8+ Kg7 30. Re7+ Kg6 31. Rxb7 a5 32. Ra7 Rd5 33. Rc7 Rd1+ 34. Kh2 Rc1 35. a3 Rb1 36. b4 axb4 37. axb4 Rxb4 38. Rxc6 Rb3 39. Rc5 h5 40. g4 hxg4 41. hxg4 Ra3 42. Kg2 Rb3 43. Ra5 Re3 44. Rb5 Re5 45. Rxe5 fxe5 46. Kf3 Kg5 47. Ke4 Kxg4 48. Kxe5 1/2-1/2

[Event "Amazons Pride Blitz"]
[Site "Chess.com INT"]
[Date "2021.10.23"]
[Round "3"]
[White "Baraeva, Marina"]
[Black "Fairuzova, Zulfiiya"]
[Result "1-0"]
[WhiteElo "2227"]
[BlackElo "1750"]
[PlyCount "55"]
[EventDate "2021.10.23"]
[EventType "swiss (blitz)"]
[EventRounds "9"]
[EventCountry "USA"]
[SourceTitle "CBM 204 Extra"]
[Source "ChessBase"]
[SourceDate "2021.11.30"]
[SourceVersion "1"]
[SourceVersionDate "2021.11.30"]
[SourceQuality "1"]

1. d4 d5 2. Nf3 Nf6 3. c4 e6 4. Nc3 Be7 5. Bg5 b6 6. e3 Bb7 7. Bd3 Nbd7 8. 0-0 0-0 9. Ne5 h6 10. Bh4 c5 11. f4 Ne4 12. Bxe7 Qxe7 13. Qc2 cxd4 14. exd4 Nxc3 15. bxc3 dxc4 16. Bxc4 Rac8 17. Bb5 Nf6 18. Bd3 Nd5 19. c4 Ne3 20. Bh7+ Kh8 21. Qd3 Nxf1 22. Rxf1 Rcd8 23. f5 exf5 24. Rxf5 Qd6 25. Rxf7 Qa3 26. Qxa3 Kxh7 27. Rxf8 Rxf8 28. Qxf8 1-0

[Event "Amazons Pride Blitz"]
[Site "Chess.com INT"]
[Date "2021.10.23"]
[Round "8"]
[White "Baraeva, Marina"]
[Black "Kovanova, Baira"]
[Result "0-1"]
[WhiteElo "2227"]
[BlackElo "2331"]
[PlyCount "110"]
[EventDate "2021.10.23"]
[EventType "swiss (blitz)"]
[EventRounds "9"]
[EventCountry "USA"]
[SourceTitle "CBM 204 Extra"]
[Source "ChessBase"]
[SourceDate "2021.11.30"]
[SourceVersion "1"]
[SourceVersionDate "2021.11.30"]
[SourceQuality "1"]

1. d4 Nf6 2. Nf3 e6 3. c4 d5 4. Nc3 a6 5. a4 Bb4 6. Bg5 h6 7. Bxf6 Qxf6 8. e3 0-0 9. Bd3 dxc4 10. Bxc4 c5 11. 0-0 Nc6 12. Ne4 Qe7 13. Nxc5 Bxc5 14. dxc5 Qxc5 15. Qe2 e5 16. h3 Bf5 17. e4 Bg6 18. Bd5 Bh5 19. Rac1 Qd6 20. Bxc6 bxc6 21. Rfd1 Qb4 22. Rc4 Qb6 23. Rdc1 Bxf3 24. gxf3 Rac8 25. Qc2 c5 26. b4 Qf6 27. Qb3 Qe6 28. Kh2 cxb4 29. Qxb4 Rxc4 30. Qxc4 Qf6 31. Qc3 Rd8 32. Rg1 Qf4+ 33. Rg3 Rd2 34. Kg2 Rd1 35. Rg4 Qf6 36. Qc8+ Kh7 37. Qf8 h5 38. Rg3 Rd3 39. h4 g6 40. Qe8 Kg7 41. Qc8 Qxh4 42. Qxa6 Rd1 43. Rh3 Qg5+ 44. Rg3 Qh4 45. Rh3 Qg5+ 46. Rg3 Qf6 47. Qe2 Ra1 48. Qe3 Rxa4 49. Qc3 Ra2 50. Qb3 Rd2 51. Qc3 Rd4 52. Qe3 h4 53. Rh3 Rd1 54. Qe2 Qg5+ 55. Kh2 Qg1# 0-1